banner koha

Uso da casca de arroz tratada com alcali na alimentacao do gado leiteiro (Registro n. 325722)

MARC details
000 -LÍDER
campo de controle de tamanho fixo 01431naa a22003137a 4500
001 - NÚMERO DE CONTROLE
campo de controle BR9604115
003 - IDENTIFICADOR DO NÚMERO DE CONTROLE
campo de controle BR-BrBNA
005 - DATA E HORÁRIO DA ÚLTIMA TRANSAÇÃO
campo de controle 20240918181533.0
007 - CAMPO FIXO DE DESCRIÇÃO FÍSICA--INFORMAÇÃO GERAL
campo de controle de tamanho fixo ta
008 - CAMPO DE DADOS FIXOS--INFORMAÇÃO GERAL
campo de controle de tamanho fixo 230509b bl.||||| |||| 00| 0 por d
040 ## - FONTE DA CATALOGAÇÃO
Instituição da catalogação original BR-BrBNA
Idioma da catalogação por
Instituição que transcreveu o registro Biblioteca Nacional de Agricultura
072 ## - CÓDIGO DE CATEGORIA DE ASSUNTO
Código de Categoria de Assunto L02; E16
Código do objeto 5214
090 ## - NÚMERO DE CHAMADA LOCAL
Número de chamada L02 BR9604115
100 1# - ENTRADA PRINCIPAL--NOME PESSOAL
Nome pessoal Motta, R.J.
100 1# - ENTRADA PRINCIPAL--NOME PESSOAL
Nome pessoal Pfau, L.A.
100 1# - ENTRADA PRINCIPAL--NOME PESSOAL
Nome pessoal Rodrigues, A.A.
111 1# - ENTRADA PRINCIPAL--NOME DO EVENTO
Nome do evento ou lugar 2. Seminario de Experiencias de Campo da Extensao Rural
Local do evento Curitiba, PR (Brazil)
Data do evento ou assinatura do tratado Nov 1983
245 1# - TÍTULO
Título Uso da casca de arroz tratada com alcali na alimentacao do gado leiteiro
260 3# - PUBLICAÇÃO, DISTRIBUIÇÃO, ETC.
Local de publicação, distribuição, etc. Curitiba, PR (Brasil):
Data da publicação, distribuição, etc. 1984.
500 ## - NOTA GERAL
Nota geral Anais do 2. Seminario de Experiencia de Campo da Extensao Rural: apicultura, bovinocultura de leite, bovinocultura de corte, caprinocultura, forrageiras, ovinocultura, ostricultura, piscicultura, suinocultura<br/>Curitiba, PR (Brasil): 1984. p. 54-64<br/>(BR9604115-AM)L02<br/>
650 ## - ASSUNTO--TERMO TÓPICO
Cabeçalho tópico ou nome geográfico Gado Leiteiro
650 ## - ASSUNTO--TERMO TÓPICO
Cabeçalho tópico ou nome geográfico Casca de Arroz
650 ## - ASSUNTO--TERMO TÓPICO
Cabeçalho tópico ou nome geográfico Alcali
650 ## - ASSUNTO--TERMO TÓPICO
Cabeçalho tópico ou nome geográfico Analise Quimica
650 ## - ASSUNTO--TERMO TÓPICO
Cabeçalho tópico ou nome geográfico Analise Economica
773 0# - ENTRADA ANALÍTICA
Título Anais do 2. Seminario de Experiencia de Campo da Extensao Rural: apicultura, bovinocultura de leite, bovinocultura de corte, caprinocultura, forrageiras, ovinocultura, ostricultura, piscicultura, suinocultura
Número de controle do registro L02 BR9604115
Partes relacionadas Curitiba, PR (Brasil), 1984. p. 54-64
909 ## -
-- 202404
-- Lucia
-- 55
-- Lucia Elande
942 ## - ELEMENTOS DE ENTRADA ADICIONADOS (KOHA)
Tipo de material Koha Capítulo-Livro
Fonte da classificação ou esquema de arquivamento na estante Classificação AGRIS
Exemplares
Situação do descarte Fonte da classificação ou esquema de arquivamento na estante Situação física Não pode ser emprestado Coleção Biblioteca de origem Biblioteca atual Localização na estante Total de empréstimos Número de telefone completo Data de último acesso Número do exemplar Tipo de material Koha Situação das perdas Data de aquisição Fonte de aquisição
  Classificação AGRIS       Biblioteca Nacional de Agricultura - Binagri Biblioteca Nacional de Agricultura - Binagri Agrobase - Acervo Geral   5212 BR9604105 20/05/2024 01 Capítulo-Livro   2024-04-11 Portaria Interministerial nº 164/94

BINAGRI

Telefone: (61)3218-2567/2388/3357/2097 - binagri@agro.gov.br

Ministério da Agricultura e Pecuária , Esplanada dos Ministérios, Bloco D, Anexo B, Brasília/DF, CEP: 70.043-900